[Event "I Torneo internacional EDAMI-CosmoCaixa"]
[Site "Barcelona ESP"]
[Date "2008.09.08"]
[Round "1.1"]
[White "Llaneza Vega, Marcos"]
[Black "Ibarra Jerez, Jose Carlos"]
[Result "1/2-1/2"]
[WhiteElo "2468"]
[BlackElo "2496"]
[PlyCount "102"]
[EventDate "2008.09.08"]
[EventType "tourn"]
[EventRounds "9"]
[EventCountry "ESP"]
[EventCategory "12"]
[Source "lmi"]
[SourceDate "2008.09.08"]

1. e4 e6 2. d4 d5 3. e5 c5 4. c3 Qb6 5. Nf3 Nc6 6. a3 Nh6 7. b4 cxd4 8. cxd4
Nf5 9. Bb2 Bd7 10. g4 Nfe7 11. Nc3 Na5 12. Qc2 Nc4 13. Bxc4 dxc4 14. Nd2 Nd5
15. Nxc4 Qc6 16. Ne4 Nb6 17. Ncd6+ Bxd6 18. Nxd6+ Ke7 19. Qxc6 Bxc6 20. Rg1 Nc8
21. d5 Bxd5 22. Rc1 Kd7 23. Nxf7 Rf8 24. Nd6 Nxd6 25. exd6 Kxd6 26. Bxg7 Rf3
27. Rg3 Rxg3 28. hxg3 Rg8 29. Bd4 a6 30. f4 Rxg4 31. Be5+ Ke7 32. Rc7+ Kf8 33.
Kf2 Kg8 34. Rd7 Bc6 35. Re7 Bd5 36. a4 Rg6 37. b5 axb5 38. axb5 h6 39. Rd7 Bh1
40. b6 Kf8 41. Rd1 Be4 42. Rd4 Bh1 43. Rd6 Kf7 44. Rd7+ Ke8 45. Rh7 Kf8 46. g4
Rxg4 47. Rxh6 Bd5 48. Ke3 Rg1 49. Rh8+ Ke7 50. Rh7+ Ke8 51. Rg7 Rxg7 1/2-1/2

[Event "I Torneo internacional EDAMI-CosmoCaixa"]
[Site "Barcelona ESP"]
[Date "2008.09.08"]
[Round "1.2"]
[White "Gonzalez Garcia, Jose"]
[Black "Fluvia Poyatos, Jordi"]
[Result "0-1"]
[WhiteElo "2506"]
[BlackElo "2500"]
[PlyCount "78"]
[EventDate "2008.09.08"]
[EventType "tourn"]
[EventRounds "9"]
[EventCountry "ESP"]
[EventCategory "12"]
[Source "lmi"]
[SourceDate "2008.09.08"]

1. d4 Nf6 2. c4 g6 3. Nc3 Bg7 4. Nf3 d5 5. e3 O-O 6. cxd5 Nxd5 7. Bc4 Nxc3 8.
bxc3 c5 9. O-O Nc6 10. a4 Na5 11. Ba2 Bf5 12. Ba3 b6 13. Qe2 Qc7 14. Rac1 Qc6
15. Qb5 Qxb5 16. axb5 Bd3 17. dxc5 Bxf1 18. Kxf1 bxc5 19. Bxc5 Rfc8 20. Bxe7
Rxc3 21. Rd1 Nc4 22. Ng5 Rc2 23. Bb3 Nd2+ 24. Rxd2 Rxd2 25. Nxf7 Bc3 26. Ng5+
Kh8 27. Nf7+ Kg7 28. Bg5 h5 29. Bh6+ Kh7 30. Bf4 Bf6 31. Nd6 Rb2 32. Bc4 Rd8
33. g4 Be7 34. Nf7 Rdd2 35. gxh5 Rxf2+ 36. Kg1 Rg2+ 37. Kh1 Rgd2 38. hxg6+ Kxg6
39. Ne5+ Kg7 0-1

[Event "I Torneo internacional EDAMI-CosmoCaixa"]
[Site "Barcelona ESP"]
[Date "2008.09.09"]
[Round "2.2"]
[White "Moskalenko, Viktor"]
[Black "Peralta, Fernando"]
[Result "0-1"]
[WhiteElo "2569"]
[BlackElo "2558"]
[PlyCount "76"]
[EventDate "2008.09.08"]
[EventType "tourn"]
[EventRounds "9"]
[EventCountry "ESP"]
[EventCategory "12"]
[Source "lmi"]
[SourceDate "2008.09.08"]

1. e4 d6 2. c4 c5 3. Nc3 Nc6 4. d3 g6 5. g3 Bg7 6. Bg2 e5 7. Nge2 Nge7 8. f4
Bg4 9. h3 Bxe2 10. Nxe2 exf4 11. gxf4 f5 12. Rb1 Rb8 13. Bd2 Qd7 14. a3 Nd4 15.
b4 Nxe2 16. Qxe2 b6 17. b5 O-O 18. O-O Rbe8 19. Rbe1 Kh8 20. Kh2 Ng8 21. e5
dxe5 22. Bc6 Qd4 23. Bxe8 Rxe8 24. fxe5 Bxe5+ 25. Kg2 Nf6 26. Qf3 Nh5 27. Rf2
Rd8 28. Rfe2 Bf4 29. Qb7 Nf6 30. Bxf4 Qxf4 31. Qf7 Qg5+ 32. Kh1 Rg8 33. Qc7 Qh4
34. Qh2 f4 35. Re7 Rd8 36. Qg2 Rxd3 37. Kh2 f3 38. Qc2 Ng4+ 0-1

[Event "I Torneo internacional EDAMI-CosmoCaixa"]
[Site "Barcelona ESP"]
[Date "2008.09.09"]
[Round "2.4"]
[White "Fluvia Poyatos, Jordi"]
[Black "Reinaldo Castineira, Roi"]
[Result "1/2-1/2"]
[WhiteElo "2500"]
[BlackElo "2504"]
[PlyCount "58"]
[EventDate "2008.09.08"]
[EventType "tourn"]
[EventRounds "9"]
[EventCountry "ESP"]
[EventCategory "12"]
[Source "lmi"]
[SourceDate "2008.09.08"]

1. Nf3 c5 2. g3 g6 3. Bg2 Bg7 4. d4 cxd4 5. Nxd4 Nc6 6. Nxc6 bxc6 7. c4 Nf6 8.
Nc3 O-O 9. O-O Rb8 10. e4 Qc7 11. e5 Ne8 12. Re1 f6 13. exf6 Bxf6 14. Bf4 d6
15. Qd2 e5 16. Bh6 Bg7 17. b3 Bxh6 18. Qxh6 Ng7 19. Ne4 Nf5 20. Qg5 Qf7 21.
Rad1 Bb7 22. f4 Rbe8 23. fxe5 Rxe5 24. Rf1 Qg7 25. g4 Ng3 26. Nf6+ Kh8 27. Qxe5
dxe5 28. hxg3 Bc8 29. Rd6 Qh6 1/2-1/2

[Event "I Torneo internacional EDAMI-CosmoCaixa"]
[Site "Barcelona ESP"]
[Date "2008.09.09"]
[Round "3.1"]
[White "Gonzalez Garcia, Jose"]
[Black "Ibarra Jerez, Jose Carlos"]
[Result "1-0"]
[WhiteElo "2506"]
[BlackElo "2496"]
[PlyCount "153"]
[EventDate "2008.09.08"]
[EventType "tourn"]
[EventRounds "9"]
[EventCountry "ESP"]
[EventCategory "12"]
[Source "lmi"]
[SourceDate "2008.09.08"]

1. d4 Nf6 2. c4 g6 3. Nc3 d6 4. Nf3 Bf5 5. Nh4 Bd7 6. e4 e5 7. Nf3 exd4 8. Nxd4
Bg7 9. Be2 O-O 10. O-O Re8 11. f3 Nc6 12. Be3 Nh5 13. Qd2 f5 14. Rfd1 fxe4 15.
Nxe4 Nxd4 16. Bxd4 Bxd4+ 17. Qxd4 Bc6 18. c5 h6 19. cxd6 cxd6 20. Nxd6 Rf8 21.
Bc4+ Kh7 22. Nxb7 Bxb7 23. Qd7+ Ng7 24. Qxb7 Qf6 25. Rd7 Rab8 26. Qxa7 Rxb2 27.
Qd4 Qxd4+ 28. Rxd4 Rc8 29. Rad1 h5 30. Bb3 Re8 31. R4d2 Re2 32. Rxe2 Rxe2 33.
a4 Nf5 34. Bc4 Rc2 35. Bd3 Ra2 36. Bxf5 gxf5 37. Rd4 Kg6 38. h4 Kf6 39. Kh2 Ke5
40. Rb4 Ra3 41. Kg3 Ra1 42. Rb5+ Kf6 43. Rb6+ Ke5 44. f4+ Kd4 45. Rd6+ Ke4 46.
Re6+ Kd4 47. Re5 Rxa4 48. Rxf5 Ra3+ 49. Kh2 Ke4 50. Rxh5 Kxf4 51. Rg5 Ra1 52.
g3+ Kf3 53. Rf5+ Kg4 54. Rf4+ Kh5 55. Kg2 Ra3 56. Rf5+ Kg6 57. Rg5+ Kh6 58. Rb5
Rc3 59. Kh3 Ra3 60. Re5 Kg6 61. h5+ Kh6 62. Kh4 Ra4+ 63. g4 Rb4 64. Re6+ Kh7
65. h6 Rb8 66. Kh5 Re8 67. Rg6 Re5+ 68. Rg5 Re1 69. Rg7+ Kh8 70. Ra7 Re8 71. g5
Rb8 72. Re7 Ra8 73. g6 Ra5+ 74. Kg4 Ra8 75. Kf5 Ra5+ 76. Kf6 Ra8 77. Rd7 1-0

[Event "I Torneo internacional EDAMI-CosmoCaixa"]
[Site "Barcelona ESP"]
[Date "2008.09.10"]
[Round "4.1"]
[White "Ibarra Jerez, Jose Carlos"]
[Black "Moskalenko, Viktor"]
[Result "1-0"]
[WhiteElo "2496"]
[BlackElo "2569"]
[PlyCount "77"]
[EventDate "2008.09.08"]
[EventType "tourn"]
[EventRounds "9"]
[EventCountry "ESP"]
[EventCategory "12"]
[Source "lmi"]
[SourceDate "2008.09.08"]

1. e4 e6 2. d4 d5 3. Nc3 Bb4 4. e5 b6 5. a3 Bf8 6. Nf3 Ne7 7. b4 c5 8. Bg5 Qd7
9. Bd3 Ba6 10. b5 c4 11. bxa6 cxd3 12. Qxd3 h6 13. Bd2 Nec6 14. Nb5 Be7 15. h4
Na5 16. Bxa5 bxa5 17. Rb1 O-O 18. Ng5 g6 19. f4 f5 20. exf6 Rxf6 21. Nf3 Nc6
22. h5 Rb8 23. a4 Qe8 24. c3 gxh5 25. g3 Qg6 26. Qxg6+ Rxg6 27. Kf2 Rc8 28.
Rxh5 Bf8 29. Rhh1 Rf6 30. Rhe1 Rg6 31. Re3 Rb8 32. Rbe1 Kf7 33. Nc7 Rb2+ 34.
R1e2 Rxe2+ 35. Rxe2 Bd6 36. Rb2 Rg7 37. Rb7 Kg6 38. Nh4+ Kh5 39. Ne8 1-0

[Event "I Torneo internacional EDAMI-CosmoCaixa"]
[Site "Barcelona ESP"]
[Date "2008.09.10"]
[Round "4.3"]
[White "Fluvia Poyatos, Jordi"]
[Black "Peralta, Fernando"]
[Result "1/2-1/2"]
[WhiteElo "2500"]
[BlackElo "2558"]
[PlyCount "25"]
[EventDate "2008.09.08"]
[EventType "tourn"]
[EventRounds "9"]
[EventCountry "ESP"]
[EventCategory "12"]
[Source "lmi"]
[SourceDate "2008.09.08"]

1. d4 d5 2. c4 e6 3. Nf3 Nf6 4. g3 Bb4+ 5. Nbd2 dxc4 6. Bg2 O-O 7. Qc2 c5 8.
Qxc4 Nc6 9. dxc5 Qe7 10. O-O Bxc5 11. a3 e5 12. b4 Bd4 13. Nxd4 1/2-1/2

[Event "I Torneo internacional EDAMI-CosmoCaixa"]
[Site "Barcelona ESP"]
[Date "2008.09.11"]
[Round "5.1"]
[White "Reinaldo Castineira, Roi"]
[Black "Ibarra Jerez, Jose Carlos"]
[Result "0-1"]
[WhiteElo "2504"]
[BlackElo "2496"]
[PlyCount "106"]
[EventDate "2008.09.08"]
[EventType "tourn"]
[EventRounds "9"]
[EventCountry "ESP"]
[EventCategory "12"]
[Source "lmi"]
[SourceDate "2008.09.08"]

1. e4 c5 2. Nc3 a6 3. Nf3 e6 4. d4 cxd4 5. Nxd4 Qc7 6. Be2 Bb4 7. O-O Nf6 8.
Qd3 Bxc3 9. bxc3 d6 10. Ba3 O-O 11. e5 dxe5 12. Bxf8 Kxf8 13. Nb3 Nbd7 14. Rfd1
b6 15. Bf3 Ra7 16. c4 a5 17. a4 Ba6 18. Be2 g6 19. h4 h5 20. Rd2 Qc6 21. Rad1
Rc7 22. g3 Ke8 23. Qe3 Bxc4 24. Rd6 Qxa4 25. Bf3 Qb5 26. Nd2 Bd5 27. c4 Bxc4
28. Ne4 Nxe4 29. Bxe4 Qc5 30. Qf3 Bd5 31. R6xd5 exd5 32. Bxd5 Qe7 33. Qe3 Qf6
34. Qh6 Rc2 35. Qe3 Rc7 36. Qh6 b5 37. Qd2 b4 38. Qa2 Ra7 39. Qc4 Ke7 40. Qe4
Rc7 41. Ra1 Qb6 42. Qf3 Nf6 43. Re1 Qd4 44. Bb3 Rc3 45. Qb7+ Nd7 46. Re4 Qc5
47. Ba4 Rxg3+ 48. Kf1 Rd3 49. Re2 Qd5 50. Qxd7+ Qxd7 51. Bxd7 Rd1+ 52. Kg2 Kxd7
53. Rxe5 b3 0-1

[Event "I Torneo internacional EDAMI-CosmoCaixa"]
[Site "Barcelona ESP"]
[Date "2008.09.11"]
[Round "5.3"]
[White "Peralta, Fernando"]
[Black "Llaneza Vega, Marcos"]
[Result "0-1"]
[WhiteElo "2558"]
[BlackElo "2468"]
[PlyCount "136"]
[EventDate "2008.09.08"]
[EventType "tourn"]
[EventRounds "9"]
[EventCountry "ESP"]
[EventCategory "12"]
[Source "lmi"]
[SourceDate "2008.09.08"]

1. d4 Nf6 2. c4 g6 3. Nc3 d5 4. cxd5 Nxd5 5. e4 Nxc3 6. bxc3 c5 7. Bc4 Nc6 8.
Ne2 Bg7 9. Be3 O-O 10. O-O Bg4 11. f3 cxd4 12. cxd4 Na5 13. Bd3 Be6 14. d5 Bxa1
15. Qxa1 f6 16. Bh6 Re8 17. Qd4 Bd7 18. e5 fxe5 19. Qxe5 Qb6+ 20. Kh1 Qf6 21.
Qc7 Bf5 22. Bxf5 gxf5 23. Bd2 b6 24. Qg3+ Qg6 25. Qh4 Rac8 26. Bc3 h6 27. f4
Kh7 28. Rf3 Qg4 29. Qe1 Rg8 30. Ng3 Rc7 31. Re3 Rf8 32. Rxe7+ Rxe7 33. Qxe7+
Kg8 34. Qe6+ Kh7 35. Qe7+ Kg8 36. d6 Qd1+ 37. Be1 Nb7 38. Qe6+ Kg7 39. d7 Nd8
40. Qe7+ Rf7 41. Nxf5+ Kh7 42. Qe4 Kh8 43. Qe8+ Kh7 44. Qe4 Kh8 45. Qe5+ Kh7
46. h3 Rxd7 47. Kh2 Qd5 48. Qf6 Qe6 49. Qf8 Rf7 50. Qxd8 Qxf5 51. Qe8 h5 52.
Bg3 Rg7 53. Qe3 Qd5 54. Qe2 Qf5 55. Qf3 b5 56. Bh4 a5 57. Qe3 b4 58. Bg5 a4 59.
Qb6 Qe4 60. Qh6+ Kg8 61. Qb6 Rd7 62. Qb8+ Kh7 63. Qf8 b3 64. axb3 axb3 65. Qb8
Rb7 66. Qd6 b2 67. f5 Qxf5 68. Qh6+ Kg8 0-1

[Event "I Torneo internacional EDAMI-CosmoCaixa"]
[Site "Barcelona ESP"]
[Date "2008.09.11"]
[Round "6.1"]
[White "Ibarra Jerez, Jose Carlos"]
[Black "Alsina Leal, Daniel"]
[Result "1-0"]
[WhiteElo "2496"]
[BlackElo "2517"]
[PlyCount "115"]
[EventDate "2008.09.08"]
[EventType "tourn"]
[EventRounds "9"]
[EventCountry "ESP"]
[EventCategory "12"]
[Source "lmi"]
[SourceDate "2008.09.08"]

1. e4 c5 2. Nf3 d6 3. d4 Nf6 4. Nc3 cxd4 5. Nxd4 a6 6. Be3 e5 7. Nf3 Be7 8. Bc4
O-O 9. O-O Be6 10. Qe2 Bxc4 11. Qxc4 b5 12. Qd3 b4 13. Nd5 Nxd5 14. Qxd5 Nd7
15. Qd3 Qc7 16. Rfd1 Rfc8 17. Rac1 Qc4 18. Qxc4 Rxc4 19. Nd2 Rc6 20. b3 f5 21.
exf5 Rf8 22. Ne4 Rxf5 23. c4 bxc3 24. Rxc3 Rxc3 25. Nxc3 Rf8 26. Nd5 Bd8 27. f4
Kf7 28. Nb4 a5 29. Nc6 Be7 30. fxe5 Nxe5 31. Nxe5+ dxe5 32. Rd7 Re8 33. Bg5 Ke6
34. Rxe7+ Rxe7 35. Bxe7 Kxe7 36. a3 Kd6 37. Kf2 Kd5 38. Ke3 h5 39. h4 g6 40.
Kd3 e4+ 41. Ke3 Ke5 42. b4 a4 43. b5 Kd5 44. b6 Kc6 45. Kxe4 Kxb6 46. Kd5 Kb5
47. Kd4 Kc6 48. Kc4 Kd6 49. Kb4 Ke5 50. Kxa4 Kf4 51. Kb4 Kg3 52. a4 Kxg2 53. a5
Kh3 54. a6 Kxh4 55. a7 g5 56. a8=Q g4 57. Qh1+ Kg5 58. Kc3 1-0

[Event "I Torneo internacional EDAMI-CosmoCaixa"]
[Site "Barcelona ESP"]
[Date "2008.09.11"]
[Round "6.2"]
[White "Fluvia Poyatos, Jordi"]
[Black "Moskalenko, Viktor"]
[Result "1/2-1/2"]
[WhiteElo "2500"]
[BlackElo "2569"]
[PlyCount "39"]
[EventDate "2008.09.08"]
[EventType "tourn"]
[EventRounds "9"]
[EventCountry "ESP"]
[EventCategory "12"]
[Source "lmi"]
[SourceDate "2008.09.08"]

1. d4 e6 2. Nf3 f5 3. c4 Nf6 4. Nc3 Bb4 5. Qb3 c5 6. a3 Bxc3+ 7. Qxc3 Ne4 8.
Qd3 Nc6 9. e3 Qa5+ 10. Nd2 cxd4 11. exd4 d5 12. Be2 dxc4 13. Qxc4 O-O 14. b4
Nxd2 15. Bxd2 Qd8 16. Bc3 Ne7 17. Bf3 Bd7 18. d5 Nxd5 19. Bxd5 exd5 20. Qxd5+
1/2-1/2

[Event "I Torneo internacional EDAMI-CosmoCaixa"]
[Site "Barcelona ESP"]
[Date "2008.09.11"]
[Round "6.4"]
[White "Gonzalez Garcia, Jose"]
[Black "Peralta, Fernando"]
[Result "1/2-1/2"]
[WhiteElo "2506"]
[BlackElo "2558"]
[PlyCount "25"]
[EventDate "2008.09.08"]
[EventType "tourn"]
[EventRounds "9"]
[EventCountry "ESP"]
[EventCategory "12"]
[Source "lmi"]
[SourceDate "2008.09.08"]

1. e4 d6 2. d4 Nf6 3. Nc3 g6 4. Nf3 Bg7 5. Be2 O-O 6. O-O c6 7. Re1 Nbd7 8. e5
dxe5 9. dxe5 Ng4 10. e6 fxe6 11. Ne4 Ndf6 12. Bd3 Qb6 13. Qe2 1/2-1/2

[Event "I Torneo internacional EDAMI-CosmoCaixa"]
[Site "Barcelona ESP"]
[Date "2008.09.12"]
[Round "7.1"]
[White "Granda Zuñiga, Julio E"]
[Black "Ibarra Jerez, Jose Carlos"]
[Result "0-1"]
[WhiteElo "2599"]
[BlackElo "2496"]
[PlyCount "62"]
[EventDate "2008.09.08"]
[EventType "tourn"]
[EventRounds "9"]
[EventCountry "ESP"]
[EventCategory "12"]
[Source "lmi"]
[SourceDate "2008.09.08"]

1. d4 Nf6 2. c4 e6 3. Nc3 Bb4 4. e3 b6 5. Nge2 c5 6. a3 Ba5 7. Rb1 Na6 8. f3
O-O 9. e4 d5 10. e5 Ne8 11. cxd5 exd5 12. Kf2 Nec7 13. Ng3 f6 14. exf6 Qxf6 15.
h4 Qd6 16. Be3 c4 17. b4 Nxb4 18. axb4 Bxb4 19. Nge4 dxe4 20. Bxc4+ Kh8 21.
Nxe4 Qe7 22. Bg5 Qxe4 23. Rxb4 Bb7 24. Re1 Qc6 25. Ba2 Nd5 26. Rc4 Qd6 27. Re5
h6 28. Bd2 b5 29. Rc1 Nf6 30. Bf4 Ng4+ 31. Kg3 Rxf4 0-1

[Event "I Torneo internacional EDAMI-CosmoCaixa"]
[Site "Barcelona ESP"]
[Date "2008.09.12"]
[Round "7.2"]
[White "Peralta, Fernando"]
[Black "Reinaldo Castineira, Roi"]
[Result "1-0"]
[WhiteElo "2558"]
[BlackElo "2504"]
[PlyCount "57"]
[EventDate "2008.09.08"]
[EventType "tourn"]
[EventRounds "9"]
[EventCountry "ESP"]
[EventCategory "12"]
[Source "lmi"]
[SourceDate "2008.09.08"]

1. d4 e6 2. c4 c5 3. d5 exd5 4. cxd5 d6 5. e4 g6 6. Nc3 Bg7 7. f4 Qh4+ 8. g3
Qe7 9. e5 dxe5 10. d6 Qe6 11. Bh3 f5 12. Nf3 exf4+ 13. Kf2 fxg3+ 14. hxg3 Bxc3
15. bxc3 Nf6 16. Re1 Ne4+ 17. Rxe4 Qxe4 18. Ng5 Qe5 19. Bf4 Qf6 20. Qd5 Kf8 21.
Re1 h6 22. Re7 hxg5 23. Be5 Be6 24. Rxe6 Qf7 25. Rf6 Rh7 26. Rxf7+ Rxf7 27. Bf1
Nc6 28. Bc4 Nd8 29. Bf6 1-0

[Event "I Torneo internacional EDAMI-CosmoCaixa"]
[Site "Barcelona ESP"]
[Date "2008.09.13"]
[Round "8.1"]
[White "Ibarra Jerez, Jose Carlos"]
[Black "Fluvia Poyatos, Jordi"]
[Result "1/2-1/2"]
[WhiteElo "2496"]
[BlackElo "2500"]
[PlyCount "32"]
[EventDate "2008.09.08"]
[EventType "tourn"]
[EventRounds "9"]
[EventCountry "ESP"]
[EventCategory "12"]
[Source "lmi"]
[SourceDate "2008.09.08"]

1. e4 c6 2. d4 d5 3. Nc3 dxe4 4. Nxe4 Nd7 5. Bd3 Ngf6 6. Ng5 g6 7. h4 Bg7 8. h5
Nxh5 9. Rxh5 gxh5 10. Qxh5 Qa5+ 11. Bd2 Qd5 12. Be4 Qc4 13. Bd3 Qd5 14. Be4 Qc4
15. Bd3 Qd5 16. Be4 Qc4 1/2-1/2

[Event "I Torneo internacional EDAMI-CosmoCaixa"]
[Site "Barcelona ESP"]
[Date "2008.09.13"]
[Round "8.2"]
[White "Llaneza Vega, Marcos"]
[Black "Alsina Leal, Daniel"]
[Result "1/2-1/2"]
[WhiteElo "2468"]
[BlackElo "2517"]
[PlyCount "81"]
[EventDate "2008.09.08"]
[EventType "tourn"]
[EventRounds "9"]
[EventCountry "ESP"]
[EventCategory "12"]
[Source "lmi"]
[SourceDate "2008.09.08"]

1. e4 c5 2. Nc3 d6 3. Nf3 Nf6 4. d4 cxd4 5. Nxd4 a6 6. Be3 e5 7. Nf3 Be7 8. Bc4
O-O 9. O-O Be6 10. Qe2 Nc6 11. Rfd1 Rc8 12. Bd5 Qc7 13. Rac1 Na5 14. Bxe6 fxe6
15. Ng5 Qd7 16. f4 Nc4 17. fxe5 Nxe5 18. Bd4 Nfg4 19. Nxh7 Kxh7 20. Bxe5 Nxe5
21. Qh5+ Kg8 22. Qxe5 dxe5 23. Rxd7 Bc5+ 24. Kh1 b5 25. h3 Rc6 26. Re1 Bd4 27.
Re2 Rfc8 28. a3 Bxc3 29. bxc3 Rxc3 30. Ra7 Rxc2 31. Rxc2 Rxc2 32. Rxa6 Kf7 33.
Ra5 Rb2 34. a4 Ra2 35. Rxb5 Rxa4 36. Rxe5 Kf6 37. Rb5 Rxe4 38. Kg1 Re2 39. Kf1
Ra2 40. Rb3 e5 41. Rf3+ 1/2-1/2

[Event "I Torneo internacional EDAMI-CosmoCaixa"]
[Site "Barcelona ESP"]
[Date "2008.09.14"]
[Round "9.1"]
[White "Peralta, Fernando"]
[Black "Ibarra Jerez, Jose Carlos"]
[Result "1/2-1/2"]
[WhiteElo "2558"]
[BlackElo "2496"]
[PlyCount "82"]
[EventDate "2008.09.08"]
[EventType "tourn"]
[EventRounds "9"]
[EventCountry "ESP"]
[EventCategory "12"]
[Source "lmi"]
[SourceDate "2008.09.08"]

1. d4 Nf6 2. c4 e6 3. Nc3 Bb4 4. e3 c5 5. Bd3 b6 6. Nge2 Bb7 7. O-O O-O 8. a3
Bxc3 9. bxc3 d5 10. cxd5 exd5 11. f3 Re8 12. Ng3 Nc6 13. Re1 Rc8 14. Ra2 Rc7
15. Rae2 cxd4 16. cxd4 Na5 17. Kh1 g6 18. e4 dxe4 19. fxe4 Qxd4 20. Bb2 Qd8 21.
Rf2 Re6 22. Qf3 Ne8 23. Bb1 Nc4 24. Ba2 b5 25. Ref1 Qe7 26. Qg4 Rxe4 27. Nxe4
Qxe4 28. Re2 Qc6 29. Rfe1 Nf6 30. Bxf6 Qxf6 31. Qg3 Rd7 32. a4 a6 33. Qb8+ Kg7
34. Qg3 h5 35. axb5 axb5 36. Qf2 Qxf2 37. Rxf2 Be4 38. Kg1 Bf5 39. h3 Be6 40.
Rb1 Rd5 41. Kh2 Re5 1/2-1/2

[Event "I Torneo internacional EDAMI-CosmoCaixa"]
[Site "Barcelona ESP"]
[Date "2008.09.14"]
[Round "9.3"]
[White "Moskalenko, Viktor"]
[Black "Reinaldo Castineira, Roi"]
[Result "0-1"]
[WhiteElo "2569"]
[BlackElo "2504"]
[PlyCount "76"]
[EventDate "2008.09.08"]
[EventType "tourn"]
[EventRounds "9"]
[EventCountry "ESP"]
[EventCategory "12"]
[Source "lmi"]
[SourceDate "2008.09.08"]

1. d4 e6 2. c4 c5 3. d5 exd5 4. cxd5 d6 5. e4 g6 6. Nc3 Bg7 7. f4 a6 8. Nf3 Bg4
9. Be2 Nd7 10. O-O Ne7 11. Nd2 Bxe2 12. Qxe2 b5 13. e5 O-O 14. e6 Nf6 15. Nde4
Nxe4 16. Nxe4 f5 17. Ng5 Nxd5 18. a4 Qe7 19. axb5 h6 20. Nf3 axb5 21. Rxa8 Rxa8
22. Qxb5 Qxe6 23. Re1 Qf7 24. Bd2 Nf6 25. Bc3 Ne4 26. Bxg7 Kxg7 27. h3 Qa7 28.
Qc4 Rb8 29. Re2 Qf7 30. Qa6 Qb7 31. Qa1 Qb3 32. Kh2 Rb7 33. Qe1 Qd3 34. Re3 Qc4
35. Qa1 Nf6 36. Kg3 Qxf4+ 37. Kf2 Ne4+ 38. Ke2 Re7 0-1

[Event "I Torneo internacional EDAMI-CosmoCaixa"]
[Site "Barcelona ESP"]
[Date "2008.09.14"]
[Round "9.4"]
[White "Alsina Leal, Daniel"]
[Black "Gonzalez Garcia, Jose"]
[Result "1/2-1/2"]
[WhiteElo "2517"]
[BlackElo "2506"]
[PlyCount "105"]
[EventDate "2008.09.08"]
[EventType "tourn"]
[EventRounds "9"]
[EventCountry "ESP"]
[EventCategory "12"]
[Source "lmi"]
[SourceDate "2008.09.08"]

1. e4 e5 2. Nf3 Nc6 3. Bb5 a6 4. Bxc6 dxc6 5. O-O Bg4 6. h3 h5 7. d3 Qf6 8. Be3
Bxf3 9. Qxf3 Qxf3 10. gxf3 Bd6 11. Nd2 Ne7 12. Rfb1 c5 13. b4 cxb4 14. Nc4 b5
15. Nxd6+ cxd6 16. Rxb4 Kd7 17. f4 Rac8 18. Rb2 f5 19. fxe5 dxe5 20. a4 b4 21.
Rxb4 Rxc2 22. Rb7+ Rc7 23. Rab1 Rhc8 24. Bc5 fxe4 25. dxe4 Kc6 26. Rxc7+ Rxc7
27. Be3 Rb7 28. Rc1+ Kd7 29. Rc5 Nc6 30. Rd5+ Ke6 31. Kg2 g6 32. Kg3 Rb3 33.
Kg2 Rb7 34. f3 Rd7 35. Rc5 Nd8 36. Rc8 Kf7 37. Ra8 Rd6 38. a5 Ne6 39. Kg3 Nd4
40. Bg5 Rc6 41. Ra7+ Kg8 42. Ra8+ Kf7 43. Ra7+ Kg8 44. Re7 Rc3 45. Rxe5 Nxf3
46. Re8+ Kf7 47. Re7+ Kf8 48. Bf6 Rc6 49. e5 Nxe5 50. Rxe5 Rxf6 51. Kh4 Kg7 52.
Kg5 Kf7 53. Rc5 1/2-1/2

[Event "I Torneo internacional EDAMI-CosmoCaixa"]
[Site "Barcelona ESP"]
[Date "2008.09.14"]
[Round "9.5"]
[White "Fluvia Poyatos, Jordi"]
[Black "Llaneza Vega, Marcos"]
[Result "1/2-1/2"]
[WhiteElo "2500"]
[BlackElo "2468"]
[PlyCount "60"]
[EventDate "2008.09.08"]
[EventType "tourn"]
[EventRounds "9"]
[EventCountry "ESP"]
[EventCategory "12"]
[Source "lmi"]
[SourceDate "2008.09.08"]

1. Nf3 Nf6 2. c4 g6 3. Nc3 d5 4. cxd5 Nxd5 5. e4 Nxc3 6. bxc3 Bg7 7. d4 c5 8.
Rb1 O-O 9. Be2 cxd4 10. cxd4 Qa5+ 11. Bd2 Qxa2 12. O-O Bg4 13. Bg5 h6 14. Be3
Nc6 15. d5 Bxf3 16. Bxf3 Ne5 17. Rxb7 a5 18. Bc5 a4 19. Bxe7 Rfb8 20. Rxb8+
Rxb8 21. d6 Qe6 22. Qxa4 Nxf3+ 23. gxf3 Qh3 24. Qa5 Qxf3 25. Qc7 Qg4+ 26. Kh1
Qf3+ 27. Kg1 Qg4+ 28. Kh1 Qf3+ 29. Kg1 Qg4+ 30. Kh1 Rb1 1/2-1/2